Chauteaubriand. Pages choisies. (Registro nro. 296633)
[ vista simple ]
| 000 -ENCABEZADO | |
|---|---|
| Número de control [NR] | 02364nam a22003017a 4500 |
| 005 - FECHA Y HORA DE LA ÚLTIMA TRANSACCIÓN | |
| control field | 20171127142539.0 |
| 008 - DE LONGITUD FIJA DE DATOS DE ELEMENTOS - INFORMACIÓN GENERAL | |
| Elementos de longitud fija [NR] | 140814n fr ||||fr|||| 001 0 fre d |
| 040 ## - FUENTE DE CATALOGACION [NR] | |
| Quien Cataloga | Sandra Yazo |
| Quien Clasifica | Sandra Yazo |
| 041 0# - CODIGO DE IDIOMA [R] | |
| Código de idioma para texto/pista de sonido o título separado [R] | Francés |
| 082 04 - NUMERO DE CLASIFICACION DECIMAL DEWEY [R] | |
| Número de la edición [NR] | 20 |
| Número de clasificación [R] | 840.6 |
| 092 ## - SIGNATURA TOPOGRAFICA LOCAL | |
| Número de clasificación local | E32N014 |
| 100 1# - ASIENTO PRINCIPAL--NOMBRE PERSONAL [NR] | |
| Nombre personal [NR] | Chateaubriand, François-René |
| Títulos u otras palabras asociadas al nombre [R] | vicomte de |
| Forma más completa del nombre [NR] | 1768-1848? |
| ID Autoridad | 63791 |
| 242 00 - TRADUCCION DEL TITULO POR LA AGENCIA CATALOGADORA [R] | |
| Título [NR] | Chateaubriand. Páginas escogidas. |
| Parte restante del título [NR] | La correspondencia. Primeros ensayos. Obras capitales. Escritos de la Restauración. Últimas obras. Memorias de ultratumba. Con una Introducción, explicaciones y notas. |
| Mención de responsabilidad, etc. [NR] | por Víctor Giraud. |
| Código de idioma del título traducido [NR] | spa |
| 245 10 - MENCION DE TITULO [NR] | |
| Título [NR] | Chauteaubriand. Pages choisies. |
| Parte restante del título [NR] | La correspondance. Les premiers essais. Les chefs-d’oeuvre. Les écrits de la Restauration. Les dernières oeuvres. Les Memoires d’outre-tombe. Avec une Introduction, des notices et des notes. |
| Mención de responsabilidad, etc. [NR] | par Victor Giraud. |
| 250 ## - MENCION DE EDICION [NR] | |
| Mención de edición [NR] | Troisième édition renueve et corrigée [Tercera edición, revisada y corregida] |
| 260 ## - PUBLICACION, DISTRIBUCION, ETC. (PIE DE IMPRENTA) [R] | |
| Lugar de publicación, distribución, etc. [R] | París (Francia) |
| Nombre del editor, distribuidor, etc. [R] | Librairie Hachette |
| Fecha de publicación, distribución, etc. [R] | [fecha desconocida] |
| 300 ## - DESCRIPCION FISICA [R] | |
| Extensión [R] | xxii, 328 páginas |
| Dimensiones [R] | 19 x 14 cm. |
| 490 #0 - MENCION DE SERIE [R] | |
| Mención de serie [R] | Bibliothèque de littérature [Biblioteca de literatura] |
| 500 ## - NOTA GENERAL [R] | |
| Nota general [NR] | Detalles físicos: Encuadernación rígida (holandesa), en cartón forrado en papel. Lomo en tela encolada, con tejuelo. Guardas en papel grueso. Anteportada. Portada impresa en una sola tinta. Texto impreso en una columna. Notas al pie de página. Márgenes amplios. Ejemplar en buen estado. Cortes pintados. |
| 505 0# - NOTA DE CONTENIDO CON FORMATO PREESTABLECIDO [R] | |
| Nota de contenido con formato preestablecido [NR] | Correspondencia ; Primeras obras (1789 a 1802): Ensayo sobre las revoluciones ; Viaje a América ; Los Natchez ; Atala ; Las obras maestras: El Genio del Cristianismo (1802) ; Viaje a Italia (1809) ; Itinerario de París a Jerusalén (1811) ; Escritos de la Restauración ; Las aventuras del último de los Abencerrajes (1826) ; Misceláneas histórico-literarias ; Estudios históricos ; Misceláneas políticas, polémicas y oratorias ; Miscelánea poética ; Últimas obras: Ensayo sobre la literatura inglesa ; El Congreso de Verona ; La Vida de Rancé ; Memorias de ultratumba. |
| 506 ## - NOTA DE RESTRICCIONES DE ACCESO [R] | |
| Condiciones de acceso [NR] | Consulta en sala |
| 546 ## - NOTA DE IDIOMA [R] | |
| Nota de idioma [NR] | Texto en francés |
| 650 #7 - ASIENTO SECUNDARIO DE MATERIA - TERMINO TEMATICO [R] | |
| 9 (RLIN) | 23846 |
| Término temático o nombre geográfico como elemento de entrada [NR] | Romanticismo |
| Subdivisión general [R] | Literatura |
| 650 #7 - ASIENTO SECUNDARIO DE MATERIA - TERMINO TEMATICO [R] | |
| 9 (RLIN) | 7794 |
| Término temático o nombre geográfico como elemento de entrada [NR] | Literatura francesa |
| 690 ## - ASUNTO AGREGADO LOCAL DE ENTRADA - TÉRMINO TEMÁTICO (OCLC, RLIN) | |
| Acceso temático local | Literatura europea |
| 9 (RLIN) | 26524 |
| 700 1# - ASIENTO SECUNDARIO - NOMBRE PERSONAL [R] | |
| Nombre personal [NR] | Giraud, Victor |
| Fechas asociadas con el nombre [NR] | 1868-1953 |
| 9 (RLIN) | 63783 |
| 942 ## - ELEMENTOS DE ENTRADA AGREGADOS (KOHA) | |
| Tipo de ítem principal el descrito en 300a | Libro |
| Edición | 3 |
| Sistema de clasificación | LOCAL |
| Clasificación | E32N014 |
| Suprimido | Perdido | Sistema de clasificación | Dañado | No prestable | Tipo de ítem específico | Ubicación habitual | Ubicación actual | Localización | Fecha de creación | Forma de adquisición | Costo | Signatura topográfica | Código de barras | Última vez visto | Ejemplar | Price effective from | Tipo de ítem | Nota pública (OPAC) |
|---|---|---|---|---|---|---|---|---|---|---|---|---|---|---|---|---|---|---|
| LOCAL | Libro archivo | Archivo Histórico | Archivo Histórico | Archivo histórico | 14/08/2014 | Donación | 0.00 | E32N014 | L004421 | 14/08/2014 | Ej.1 | 14/08/2014 | Libro | Bodega Santafé Caja 7 |